Kingship and state (Record no. 99197)
[ view plain ]
| 000 -LEADER | |
|---|---|
| fixed length control field | 00635nam a2200253Ia 4500 |
| 003 - CONTROL NUMBER IDENTIFIER | |
| control field | 0100 |
| 005 - DATE AND TIME OF LATEST TRANSACTION | |
| control field | 20170510100625.0 |
| 008 - FIXED-LENGTH DATA ELEMENTS--GENERAL INFORMATION | |
| fixed length control field | 130307s9999 xx 000 0 und d |
| 040 ## - CATALOGING SOURCE | |
| Transcribing agency | ARRUPELIB |
| 050 ## - LIBRARY OF CONGRESS CALL NUMBER | |
| Classification number | DT433.265.W75 1996 |
| 300 ## - PHYSICAL DESCRIPTION | |
| Other physical details | 293p. 24cm. |
| 100 ## - MAIN ENTRY--PERSONAL NAME | |
| Personal name | Wrigley, Christopher |
| 9 (RLIN) | 30682 |
| 245 ## - TITLE STATEMENT | |
| Title | Kingship and state |
| 245 ## - TITLE STATEMENT | |
| Remainder of title | The Buganda dynasty |
| 260 ## - PUBLICATION, DISTRIBUTION, ETC. (IMPRINT) | |
| Name of publisher, distributor, etc | Cambridge University Press |
| Place of publication, distribution, etc | Cambridge |
| Date of publication, distribution, etc | 1996 |
| 300 ## - PHYSICAL DESCRIPTION | |
| Extent | xv |
| 440 ## - SERIES STATEMENT/ADDED ENTRY--TITLE | |
| Title | African Studies Series 88 |
| 9 (RLIN) | 30683 |
| 650 ## - SUBJECT ADDED ENTRY--TOPICAL TERM | |
| Topical term or geographic name as entry element | HISTORY |
| 9 (RLIN) | 8438 |
| 650 ## - SUBJECT ADDED ENTRY--TOPICAL TERM | |
| Topical term or geographic name as entry element | Uganda |
| General subdivision | History |
| Chronological subdivision | 1890 |
| 9 (RLIN) | 30684 |
| 650 ## - SUBJECT ADDED ENTRY--TOPICAL TERM | |
| Topical term or geographic name as entry element | (African people) |
| General subdivision | Kings and rulers |
| 9 (RLIN) | 30685 |
| 650 ## - SUBJECT ADDED ENTRY--TOPICAL TERM | |
| Topical term or geographic name as entry element | Oral tradition |
| General subdivision | Ganda |
| Chronological subdivision | Uganda |
| 9 (RLIN) | 30686 |
| 650 ## - SUBJECT ADDED ENTRY--TOPICAL TERM | |
| Topical term or geographic name as entry element | Mythology |
| General subdivision | Ganda |
| 9 (RLIN) | 30687 |
| 942 00 - ADDED ENTRY ELEMENTS (KOHA) | |
| Koha issues (borrowed), all copies | 10 |
| Source of classification or shelving scheme | Library of Congress Classification |
| Koha item type | Monograph ( Printed materials) |
| Withdrawn status | Lost status | Source of classification or shelving scheme | Damaged status | Not for loan | Collection code | Home library | Current library | Date acquired | Total Checkouts | Full call number | Barcode | Date last seen | Date checked out | Copy number | Price effective from | Koha item type |
|---|---|---|---|---|---|---|---|---|---|---|---|---|---|---|---|---|
| Library of Congress Classification | Main Collection | ARRUPE LIBRARY | ARRUPE LIBRARY | 07/03/2013 | 13 | DT433.265.W75 1996 | 46600000028 | 18/09/2020 | 14/09/2020 | 1 | 07/03/2013 | Monograph ( Printed materials) |